000 01252nam a2200289Ia 4500
003 OSt
005 20201029140019.0
008 191128s2014 ck gr 000 0 spa d
020 _a9789587711271
040 _aCO-JMCR
_cCO-JMCR
041 0 _aspa
082 0 4 _a658.5 /
_bE711c
_223
100 1 _aEscalante Gómez, Juan Esteban,
_eautor
_912209
245 1 0 _aCostos logísticos /
_cJuan Esteban Escalante Gómez y Ricardo Uribe Marín
250 _aPrimera edición
260 _aBogotá :
_bEcoe,
_c2014
300 _axii, 130 páginas ;
_c24 cm.
490 0 _aCiencias empresariales. Logística
500 _aIncluye glosario.
504 _aBibliografía: páginas 129-130
505 0 _aIntroducción a la logística -- Costos para toma de decisiones logísticas -- Costos logísticos
520 3 _aEn primera instancia, la obra familiariza al lector con algunos conceptos importantes relacionados con la logística para posteriormente presentar una aproximación a la gestión de costos y gastos en la cadena de suministro, analizando el comportamiento de
650 1 4 _aLogística en los negocios
_912210
650 1 4 _aCostos
_xadministración industrial
_912211
700 1 _aUribe Marín, Ricardo,
_eautor
_912212
942 _2ddc
_cBK
999 _c6182
_d6182